|
|
|
|
| LEADER |
00000cam a2200000 7i4500 |
| 001 |
0000001940 |
| 005 |
20020529.0 |
| 020 |
0 |
0 |
|a 9832181194
|
| 090 |
0 |
0 |
|a 634.956
|b MAZ 2001
|
| 100 |
0 |
0 |
|a MAZIAH Zakaria
|
| 245 |
1 |
0 |
|a Perladangan sentang :
|b mengatasi masalah silvikultur dan perosak
|c Maziah Zakaria, Ong Tai Hock & Mohd Farid Ahmad
|
| 260 |
0 |
0 |
|a Kuala Lumpur :
|b Institut Penyelidikan Perhutanan Malaysia ,
|c 2001
|
| 300 |
|
|
|a 17 p. :
|b col. ill. ;
|c 22 cm.
|
| 440 |
0 |
0 |
|a FRIM technical information ; no. 67
|
| 650 |
0 |
0 |
|a Plant breeding
|
| 650 |
0 |
0 |
|a Tree farms
|
| 700 |
0 |
1 |
|a Mohd Farid Ahmad
|
| 700 |
0 |
1 |
|a Ong
|h Tai Hock
|
| 710 |
1 |
1 |
|a Institut Penyelidikan Perhutanan Malaysia (FRIM)
|
| 998 |
|
|
|a JPSM
|
| 999 |
|
|
|a 0000003260
|b Monograph
|c Open Shelf
|e Default branch
|
| 999 |
|
|
|a 0000004342
|b Monograph
|c Open Shelf
|e Default branch
|